Snedecon George W (Record no. 327)
[ view plain ]
| 000 -LEADER | |
|---|---|
| fixed length control field | 00389nam a2200145Ia 4500 |
| 008 - FIXED-LENGTH DATA ELEMENTS--GENERAL INFORMATION | |
| fixed length control field | 151015s9999 xx 000 0 und d |
| 020 ## - INTERNATIONAL STANDARD BOOK NUMBER | |
| International Standard Book Number | 818593180 |
| 245 ## - TITLE STATEMENT | |
| Title | Snedecon George W |
| 250 ## - EDITION STATEMENT | |
| Edition statement | _Statistical methods |
| 260 ## - PUBLICATION, DISTRIBUTION, ETC. (IMPRINT) | |
| Place of publication, distribution, etc. | 8th ed. |
| 300 ## - PHYSICAL DESCRIPTION | |
| Extent | India Affiliated East-west press 1994 |
| 500 ## - GENERAL NOTE | |
| General note | includes index |
| 650 ## - SUBJECT ADDED ENTRY--TOPICAL TERM | |
| Topical term or geographic name as entry element | _statistics |
| 700 ## - ADDED ENTRY--PERSONAL NAME | |
| Personal name | ^d20101210 12:22:49^okilerai |
No items available.